| 000 | 01408nam a2200229Ia 4500 | ||
|---|---|---|---|
| 003 | Ost | ||
| 005 | 20260507075650.0 | ||
| 008 | 260507s9999||||xx |||||||||||||| ||und|| | ||
| 020 | _a90562/2977 | ||
| 040 | _cfsecg | ||
| 041 | _aara | ||
| 082 | _a332.4 | ||
| 100 |
_aمجيد، ضياء _eمؤلف |
||
| 245 | 0 |
_aاقتصاديات النقود والبنوك / _c ضياء مجيد |
|
| 260 |
_aالإسكندرية: _bمؤسسة شباب الجامعة, _c2005 |
||
| 300 |
_a349 صفحة؛ _bإيضاحات ؛ _c23 سم |
||
| 520 | _aنظام المقايضة- أنواع النقود- وظائف النقود- الأنظمة النقدية- الطلب على النقود في التحليل الكلاسيكي- المعادلات الاساسية عند كينز- الطلب على النقود في التحليل الكنزي- مدرسة شيكاغو- سعر الفائدة- السياسة النقدية- الاسعار وقيمة النقود- التضخم النقدي- البنوك المركزية- البنوك التجارية- المؤسسات النقدية والمالية الدولية- حقوق السحب الخاصة- البنك الدولي للإنشاء والتعمير- التعديلات على المواد الاساسية لإتفاقية بريتون وودز. | ||
| 653 | _aالإقتصاد | ||
| 653 | _aالبنوك | ||
| 653 | _aالنقود | ||
| 942 | _cكتاب | ||
| 999 |
_c45568 _d45568 |
||